Geografía del turismo en el mundo /

Este libro aborda de forma sistemática algunas de las preguntas más importantes que se están planteando hoy día sobre los efectos de la explosión masiva del turismo en el mundo, como son: cuál es el papel del turismo, cuáles son los grandes países emisores y receptores de turismo, cuál es el efecto...

Full description

Bibliographic Details
Main Author: Mesplier, Alain
Other Authors: Bloc-Duraffour, Pierre
Format: Libro
Language:Spanish
Published: Madrid Síntesis [2000]
Subjects:
Online Access:

MARC

LEADER 00000cam a2200000 a 4500
001 010529
003 UAHC_CL
005 20170803120704.0
008 150724s2000 sp 000 spa
020 |a 8477387842 
040 |a UAHC_CL  |c UAHC_CL  |d UAHC_CL 
082 0 4 |a 338.4791  |b M582  |2 21 
100 1 |a Mesplier, Alain 
245 1 0 |a Geografía del turismo en el mundo /  |c Alain Mesplier, Pierre Bloc-Duraffour; adaptación Rafael Esteve Secall; traducción Ma. Luisa Piñeiro. 
260 |b Síntesis  |a Madrid  |c [2000] 
300 |a 382 p. 
520 |a Este libro aborda de forma sistemática algunas de las preguntas más importantes que se están planteando hoy día sobre los efectos de la explosión masiva del turismo en el mundo, como son: cuál es el papel del turismo, cuáles son los grandes países emisores y receptores de turismo, cuál es el efecto del turismo sobre el espa cio regional, y si el turismo puede suponer para los países pobres una opción viable de desarrollo. 
650 4 |a TURISMO 
653 |a GEOGRAFIA 
700 1 |a Bloc-Duraffour, Pierre 
900 |a 338.4791 MES 
942 |c BK 
952 |0 0  |1 0  |4 0  |6 338_479100000000000_MES  |7 0  |8 General  |9 21632  |a BC  |b BC  |c General  |d 2017-08-03  |l 0  |o 338.4791 MES  |p 1430339  |r 2026-01-13 00:00:00  |t 1  |w 2017-08-03  |y BK 
999 |c 10529  |d 10529